Mixed Word: All 3 Words Quiz Stats

 Plays Quiz Updated May 13, 2012

Support Sporcle.
Go Orange.
Score 0/15 Timer 04:00
0 Plays Today
% Correct
THERE
90.6%
THREE
83.7%
PLEASE
54.8%
ETHER
42.2%
ASLEEP
39%
ELAPSE
32.3%
PAROLED
19%
DESIRING
18.6%
% Correct
RESIDING
17%
EDUCATION
14.6%
AUCTIONED
9.8%
LEOPARD
9.1%
CAUTIONED
9.1%
PRELOAD
6.2%
RINGSIDE
5.3%

From the Vault

#2 Hits of the '80s

by rockgolf

Music 10m
They almost made it to the top, and then, they didn't.
Remove Ads.
Support Sporcle.
Get the best of Sporcle when you Go Orange. This ad-free experience offers more features, more stats, and more fun while also helping to support Sporcle. Thank you for becoming a member.

Show Comments

Extras

Top Quizzes Today


Score Distribution

Your Account Isn't Verified!

In order to create a playlist on Sporcle, you need to verify the email address you used during registration. Go to your Sporcle Settings to finish the process.

Report this User

Report this user for behavior that violates our Community Guidelines.

Details: